Stati per popolazione - America Latina - Statistics

Statistiche generali
  • Questo quiz è stato fatto 21 volte
  • Il punteggio medio è 9 su 10
Statistiche sulle risposte
Popolazione (ab.) Nazione % Corretto
43 132 000 Argentina
100%
20 4519 000 Brasile
100%
18 006 000 Cile
100%
30 620 000 Venezuela
100%
48 218 000 Colombia
94%
33 050 325 Perù
94%
16 279 000 Ecuador
83%
127 500 000 Messico
72%
11 252 000 Cuba
67%
16 176 000 Guatemala
39%
Nessun quiz corrispondente trovato
Distribuzione punteggi
Percentuale di utenti per punteggio
Percentile per numero di risposta
I tuoi punteggi nel tempo
Non hai fatto questo quiz